ბათუმის შოთა რუსთაველის სახელმწიფო უნივერსიტეტის ბიბლიოთეკა

საქართველოს ტურიზმის ინდუსტრიის საინვესტიციო გარემოს სრულყოფილების ძირითადი მიმართულებები : დისერტაცია / (ბიბ.ჩანაწერი № 58718)

000 -ლიდერი
ფიქსირებული სიგრძის საკონტროლო ველი 01946nam a22002177a 4500
003 - საკონტროლო ნომრის იდენტიფიკატორი
საკონტროლო ველი Ge_BSU
005 - ბოლო ოპერაციის თარიღი და დრო
საკონტროლო ველი 20220705133425.0
008 - ფიქსირებული სიგრძის მონაცემთა ელემენტები - ზოგადი ინფორმაცია
ფიქსირებული სიგრძის საკონტროლო ველი 220705s2022ge xxu||||| |||| 00| 0 geo d
041 ## - ენის კოდი
Language code of text/sound track or separate title geo
080 ## - უნივერსალური ათობითი კლასიფიკაციის ინდექსი
Universal Decimal Classification number 33 დ-43
100 ## - მთავარი ჩანაწერი - პიროვნების სახელი
Personal name დიასამიძე ნათია
9 (RLIN) 14296
245 ## - ცნობა სათაურის შესახებ
Title საქართველოს ტურიზმის ინდუსტრიის საინვესტიციო გარემოს სრულყოფილების ძირითადი მიმართულებები : დისერტაცია /
Statement of responsibility, etc ნათია დიასამიძე, სამეცნიერო ხელმძღ.ეკონომიკის დოქტორი პროფესორი, ასიე ცინცაძე
264 ## - წარმოების, გამოცემის, დისტრიბუციის და სხვა ცნობები
გამოცემის, წარმოების, დისტრიბუციის... ადგილი ბათუმი:
გამოცემის, წარმოების, დისტრიბუციის... სახელწოდება ბათუმის შოთა რუსთაველის სახელმწიფო უნივერსიტეტი,
გამოცემის, წარმოების, დისტრიბუციის... თარიღი 2022.
300 ## - ფიზიკური აღწერა
Extent 163 გვ.:
Dimensions 30სმ.
Other physical details დიაგრამ.
653 ## - INDEX TERM--UNCONTROLLED
Uncontrolled term საქართველოს ტურიზმის ინდუსტრიის საინვესტიციო გარემოს სრულყოფილების ძირითადი მიმართულებები
653 ## - INDEX TERM--UNCONTROLLED
Uncontrolled term ეკონომიკა
700 ## - ADDED ENTRY--PERSONAL NAME
Personal name ცინცაძე, ასიე
Relator term სამეცნიერო ხელმძღვანელი
9 (RLIN) 12504
710 ## - ADDED ENTRY--CORPORATE NAME
Corporate name or jurisdiction name as entry element ბათუმის შოთა რუსთაველის სახელმწიფო უნივერსიტეტი
9 (RLIN) 14297
710 ## - ADDED ENTRY--CORPORATE NAME
Corporate name or jurisdiction name as entry element ეკონომიკისა და ბიზნესის ფაკულტეტი საფინანსო,საბანკო და სადაზღვევო საქმის დარგობრივი დეპარტამენტი
9 (RLIN) 14298
942 ## - ADDED ENTRY ELEMENTS (KOHA)
Source of classification or shelving scheme
Koha item type დისერტაცია
ეგზემპლარები
ჩამოწერის სტატუსი დაკარგული ეგზემპლარის სტატუსი კლასიფიკაციის წყარო ან თაროზე გაწყობის სქემა დაზიანების სტატუსი არ გაიცემა მუდმივი მდებარეობა (დაცვის ადგილი) ამჟამინდელი ადგილსამყოფელი თაროზე განთავსების ადგილი შეძენის თარიღი სრული შენახვის შიფრი შტრიხკოდი ბოლო ოპერაციის თარიღი ეგზემპლარის მიმდევრობითი ნომერი (კეტერი?) ფასის ძალაში შესვლის თარიღი ეგზემპლარის სახეობა
        არ გაიცემა ბათუმის შოთა რუსთაველის სახელმწიფო უნივერსიტეტის მთავარი ბიბლიოთეკა ბათუმის შოთა რუსთაველის სახელმწიფო უნივერსიტეტის მთავარი ბიბლიოთეკა წიგნსაცავი 2022-07-05 33 დ-43 397 დისერტაცია 2022-07-05 397 დისერტაცია 2022-07-05 დისერტაცია